15 Ciudades más grandes de Indonesia en un mapa - Estadísticas

Estadísticas generales
  • Esta prueba ha sido intentada 10 veces
  • La puntuación promedio es 4 de 15
Respuestas en el mapa
Las respuestas están codificadas por una escala verde-roja en el mapa de la prueba según el % correcto abajo.
 
Estadísticas de respuestas
Población Ciudad % Correcto
9,6 millon Yakarta
100%
2,4 millon Bandung
57%
2,1 millon Medan
57%
2,8 millon Surabaya
57%
1 millon Bogor
29%
1,5 millon Semarang
29%
1,8 millon Tangerang
29%
1,3 millon Tangerang Selatan (Tangerang del Sur)
29%
2,3 millon Bekasi
14%
1,7 millon Depok
14%
1,4 millon Palembang
14%
890 mil Pekanbaru
14%
870 mil Bandar Lampung
0%
900 mil Batam
0%
1,3 millon Makasar
0%
No se encontraron pruebas coincidentes
Distribución de puntuación
Porcentaje de gente con cada puntuación
Porcentaje por número respondido
Historial de tus puntuaciones
No has intentado esta prueba.